Costa Rica: migración rural-rural y estructura agraria en el periodo 1950-1963 /

Đã lưu trong:
Chi tiết về thư mục
Tác giả chính: Buarque de Holanda, Teodoro (Autor)
Tác giả khác: Raabe Cercone, Carlos (Autor)
Định dạng: Sách
Ngôn ngữ:Spanish
Những chủ đề:
Các nhãn: Thêm thẻ
Không có thẻ, Là người đầu tiên thẻ bản ghi này!

MARC

LEADER 00000nam a22000007a 4500
003 cru CRAI/IIS
005 20210429105918.0
008 210429b ||||| |||| 00| 0 spa d
040 |c cru CRAI/IIS 
100 1 |9 9957  |a Buarque de Holanda, Teodoro  |e Autor 
245 1 |a Costa Rica:   |b migración rural-rural y estructura agraria en el periodo 1950-1963 /  |c Teodoro Buarque de Holanda, Carlos Raabe Cercone 
300 |a páginas 9-55 
500 |a Colección Centroamérica 
650 0 |9 2495  |a MIGRACION RURAL RURAL 
650 0 |9 2215  |a ESTRUCTURA AGRARIA 
651 0 |9 32  |a COSTA RICA 
700 1 |9 9958  |a Raabe Cercone, Carlos  |e Autor 
773 0 |0 18875  |9 5490  |a Universidad de Costa Rica.  |d San José, Costa Rica: Universidad de Costa Rica. Consejo Superior Universitario Centroamericano, 1972-  |o 13783  |t Estudios Sociales Centroamericanos /  |x 03039676 
942 |2 ddc  |c PP 
999 |c 43660  |d 43660